[Event "International chess holiday M11"]
[Site "Praha"]
[Date "2014.07.24"]
[Round "7"]
[White "Herejk, Petr"]
[Black "Krivanek, Vladimir"]
[Result "1/2-1/2"]
[WhiteElo "2208"]
[BlackElo "2183"]
[PlyCount "82"]

1. e4 e6 2. Nc3 d5 3. Nf3 dxe4 4. Nxe4 Nf6 5. Nxf6+ Qxf6 6. d4 Bd6 7. Bg5 Qf5
8. Bd3 Qa5+ 9. c3 h6 10. Bd2 c5 11. Qe2 Nd7 12. c4 Qc7 13. Bc3 O-O 14. O-O a6
15. Rfe1 Rb8 16. d5 exd5 17. cxd5 Rd8 18. Qe4 Nf8 19. Qh4 Bd7 20. Ne5 Re8 21.
Ng4 Bxg4 22. Qxg4 f6 23. Qh5 Qf7 24. Qf5 b5 25. b3 Rxe1+ 26. Rxe1 Re8 27. Re4
Rxe4 28. Qxe4 Qe7 29. Qf5 Be5 30. Bxe5 Qxe5 31. Qxe5 fxe5 32. a4 bxa4 33. bxa4
a5 34. Bb5 Kf7 35. Kf1 Ke7 36. Ke2 Kd6 37. Bc6 c4 38. Kd2 Ng6 39. Kc3 Kc5 40.
Bb5 Nf4 41. d6 Kxd6 1/2-1/2

[Event "International chess holiday M11"]
[Site "Praha"]
[Date "2014.07.24"]
[Round "7"]
[White "Hirn, Oskar"]
[Black "Sisak, Richard"]
[Result "1-0"]
[WhiteElo "2219"]
[BlackElo "2017"]
[PlyCount "69"]

1. d4 d6 2. e4 Nf6 3. Nc3 e5 4. Nge2 Be7 5. f3 c6 6. Be3 h6 7. Qd2 Nh7 8. g3
Ng5 9. Bg2 Bh3 10. O-O Bxg2 11. Kxg2 b5 12. a4 b4 13. Nd1 Nd7 14. Nf2 c5 15.
Bxg5 hxg5 16. dxc5 dxc5 17. c4 Rh6 18. Ng4 Rd6 19. Qc2 f6 20. Ne3 Nf8 21. Nd5
Ne6 22. f4 gxf4 23. gxf4 exf4 24. Nexf4 Nxf4+ 25. Rxf4 Re6 26. Rd1 Bd6 27. Rh4
Kd7 28. a5 Re5 29. Rg4 g5 30. Rg3 Qh8 31. Rh3 Qg7 32. Rh7 Qxh7 33. Nxf6+ Kc7
34. Nxh7 Rh8 35. Nf6 1-0

[Event "International chess holiday M11"]
[Site "Praha"]
[Date "2014.07.24"]
[Round "7"]
[White "Heissenberger, Andreas"]
[Black "Hentzgen, Thomas"]
[Result "1/2-1/2"]
[WhiteElo "2029"]
[BlackElo "2050"]
[Annotator "Koller,Martin"]
[PlyCount "35"]
[TimeControl "240+2"]

1. e4 c5 2. Nf3 e6 3. g3 Nc6 4. Bg2 d6 5. O-O Nf6 6. d3 Be7 7. c3 O-O
8. Qe2 d5 9. e5 Nd7 10. d4 b6 11. Qe3 Ba6 12. Rd1 Rc8 13. Bf1 cxd4 14. cxd4
Bxf1 15. Kxf1 Nb4 16. Na3 Nb8 17. h4 Qd7 18. Ne1 1/2-1/2

[Event "International chess holiday M11"]
[Site "Praha"]
[Date "2014.07.24"]
[Round "7"]
[White "Kasparov, Sergey"]
[Black "Malinarski, Yehuda"]
[Result "1-0"]
[WhiteElo "2460"]
[BlackElo "2067"]
[PlyCount "65"]

1. Nf3 Nf6 2. c4 g6 3. b4 Bg7 4. Bb2 O-O 5. e3 d6 6. Be2 a5 7. b5 e5 8. d4 e4
9. Nfd2 c6 10. Nc3 Re8 11. h3 cxb5 12. Nxb5 Nc6 13. Ba3 Bf8 14. Qb3 Na7 15. Rb1
Nxb5 16. Qxb5 Rb8 17. Qb6 h5 18. Qxd8 Rxd8 19. O-O Bf5 20. Rb5 b6 21. Rfb1 d5
22. Bxf8 Kxf8 23. c5 Rdc8 24. Rxb6 Rxb6 25. Rxb6 Ne8 26. Ba6 Rc7 27. Bb5 Ke7
28. a4 Ra7 29. Bxe8 Kxe8 30. Nb1 Be6 31. h4 Ke7 32. Nc3 Ke8 33. Kh2 1-0

[Event "International chess holiday M11"]
[Site "Praha"]
[Date "2014.07.24"]
[Round "7"]
[White "Knoflicek, Ctibor"]
[Black "Linder, Oliver"]
[Result "1-0"]
[WhiteElo "2183"]
[BlackElo "1994"]
[Annotator "Koller,Martin"]
[PlyCount "33"]
[TimeControl "240+2"]

1. Nf3 Nf6 2. c4 c5 3. Nc3 d5 4. cxd5 Nxd5 5. d4 Nxc3 6. bxc3 cxd4 7.
cxd4 g6 8. e4 Bg7 9. Rb1 O-O 10. Be2 b6 11. O-O Bb7 12. Qd3 Ba6 13. Qe3 Bxe2
14. Qxe2 Bxd4 15. Rd1 Nc6 16. Bh6 Re8 17. Qc4 1-0

[Event "International chess holiday K11"]
[Site "Praha"]
[Date "2014.07.24"]
[Round "7"]
[White "Korth, Manfred"]
[Black "Pommrich, Rainer"]
[Result "1/2-1/2"]
[WhiteElo "1908"]
[BlackElo "2003"]
[Annotator "Koller,Martin"]
[PlyCount "74"]
[TimeControl "240+2"]

1. Nf3 Nf6 2. d4 d5 3. Bf4 e6 4. e3 Be7 5. h3 O-O 6. Bd3 b6 7. Qe2 Bb7
8. O-O Nbd7 9. Nbd2 Ne4 10. c4 Ndf6 11. Ne5 Nxd2 12. Qxd2 dxc4 13. Nxc4 Qd5 14.
f3 c5 15. Be5 cxd4 16. Bxd4 Rac8 17. Qe2 Rfd8 18. Rfd1 Qg5 19. Ne5 Nd5 20.
Bxh7+ Kxh7 21. Nxf7 Qg3 22. Nxd8 Rxd8 23. Qd3+ Kg8 24. Qe4 Kf7 25. Qg4 Qxg4 26.
hxg4 e5 27. Bxe5 Nxe3 28. Rxd8 Bxd8 29. Kf2 Nd5 30. Rh1 Bf6 31. Bxf6 Kxf6 32.
a3 Nf4 33. Rd1 Nd5 34. g3 g5 35. Rd4 Ke5 36. Re4+ Kf6 37. f4 Nxf4 1/2-1/2

[Event "International chess holiday K11"]
[Site "Praha"]
[Date "2014.07.24"]
[Round "7"]
[White "Novak, Jindrich"]
[Black "Kasparova, Tatiana"]
[Result "0-1"]
[WhiteElo "2077"]
[BlackElo "2132"]
[PlyCount "79"]

1. e4 d6 2. f4 g6 3. Bc4 c6 4. Nc3 Nf6 5. d3 d5 6. Bb3 dxe4 7. Nxe4 Nxe4 8.
dxe4 Qxd1+ 9. Kxd1 Nd7 10. c3 Nc5 11. Bc2 Be6 12. Ke2 O-O-O 13. b3 Bg7 14. Bb2
f5 15. e5 Bd5 16. Nf3 Bxf3+ 17. gxf3 Ne6 18. Bc1 Bh6 19. Be3 Bxf4 20. Rad1 Bxe5
21. Bxa7 Bxc3 22. Be3 Bd4 23. Bc1 Bb6 24. Bb2 Nf4+ 25. Ke1 Rxd1+ 26. Kxd1 Rd8+
27. Kc1 Nd3+ 28. Kb1 Nxb2 29. Kxb2 Rd2 30. Kb1 e5 31. h4 Rf2 32. Bd1 Bd4 33. h5
g5 34. a4 h6 35. Re1 Kd7 36. Re2 Rxf3 37. a5 Rf1 38. Kc1 g4 39. a6 bxa6 40. Ra2
0-1

[Event "International chess holiday K11"]
[Site "Praha"]
[Date "2014.07.24"]
[Round "7"]
[White "Rüll, Michael"]
[Black "Pokorny, Jan"]
[Result "1/2-1/2"]
[WhiteElo "1812"]
[BlackElo "1882"]
[Annotator "Koller,Martin"]
[PlyCount "40"]
[TimeControl "240+2"]

1. e4 d6 2. Nf3 Nf6 3. d3 g6 4. g3 Bg7 5. Bg2 O-O 6. a4 a5 7. O-O c6 8.
Na3 Nbd7 9. Bd2 Nc5 10. Nc4 d5 11. exd5 Nxd5 12. Qc1 Ne6 13. Bh6 Nb6 14. Nfe5
Nxc4 15. Nxc4 Nd4 16. Re1 Bxh6 17. Qxh6 Nxc2 18. Re4 f5 19. Rh4 Rf7 20. Rc1 Nd4
1/2-1/2

[Event "International chess holiday K11"]
[Site "Praha"]
[Date "2014.07.24"]
[Round "7"]
[White "Schaefer, Martin"]
[Black "Fiala, Jan"]
[Result "1-0"]
[WhiteElo "1959"]
[BlackElo "1952"]
[Annotator "Koller,Martin"]
[PlyCount "67"]
[TimeControl "240+2"]

1. d4 d5 2. c4 dxc4 3. e4 e5 4. Nf3 Bb4+ 5. Bd2 Bxd2+ 6. Qxd2 exd4 7.
Bxc4 Nf6 8. O-O O-O 9. e5 Ng4 10. h3 Nh6 11. Nxd4 Nc6 12. Nxc6 bxc6 13. Qxd8
Rxd8 14. g4 Rd4 15. b3 Be6 16. Na3 Rad8 17. f4 Rd2 18. f5 Bd5 19. Rf2 Rxf2 20.
Kxf2 Re8 21. Re1 Kf8 22. Kg3 a5 23. Kf4 Ng8 24. Bxd5 cxd5 25. Rc1 Rd8 26. Rxc7
d4 27. Nc4 Ne7 28. Ra7 d3 29. Nd2 Nd5+ 30. Kf3 Rc8 31. Rxa5 Nb4 32. Ra4 Nxa2
33. Rxa2 Rc2 34. Ra8+ 1-0

[Event "International chess holiday K11"]
[Site "Praha"]
[Date "2014.07.24"]
[Round "7"]
[White "Vystrcil, Martin"]
[Black "Hanl, Frantisek"]
[Result "0-1"]
[WhiteElo "1788"]
[BlackElo "1958"]
[Annotator "Koller,Martin"]
[PlyCount "80"]
[TimeControl "240+2"]

1. e4 c5 2. Nf3 Nc6 3. d4 cxd4 4. Nxd4 Nf6 5. Nc3 e5 6. Ndb5 d6 7. Bg5
a6 8. Na3 b5 9. Nd5 Be7 10. Bxf6 Bxf6 11. c3 Bg5 12. Nc2 O-O 13. Bd3 f5 14.
exf5 Ne7 15. Nxe7+ Qxe7 16. Be4 Rb8 17. h4 Bh6 18. g4 Bf4 19. Nb4 Bb7 20. Bxb7
Rxb7 21. Nd5 Qe8 22. Qe2 Qc6 23. Qe4 Kh8 24. O-O b4 25. c4 b3 26. Nc3 Qc7 27.
axb3 Rxb3 28. Rxa6 Qd8 29. Nd5 Qxh4 30. Nxf4 Qxg4+ 31. Qg2 Qxf4 32. Rxd6 Qxf5
33. c5 Rb4 34. Rdd1 Rg4 35. Qg3 Qg5 36. Kg2 Rxg3+ 37. fxg3 Rxf1 38. Rxf1 Qd2+
39. Kh3 Qd7+ 40. Kg2 Qc6+ 0-1

[Event "International chess holiday K12"]
[Site "Praha"]
[Date "2014.07.24"]
[Round "7"]
[White "Müller, Jörg"]
[Black "Spindler, Markus"]
[Result "0-1"]
[WhiteElo "1900"]
[BlackElo "2049"]
[Annotator "Koller,Martin"]
[PlyCount "100"]
[TimeControl "240+2"]

1. d4 d5 2. Bf4 e6 3. a3 f5 4. e3 Nf6 5. c4 c6 6. Nc3 Bd6 7. Nge2 O-O
8. c5 Bc7 9. b4 Nbd7 10. h3 e5 11. Bh2 Ne4 12. Qb3 Nxc3 13. Qxc3 e4 14. Bxc7
Qxc7 15. Nf4 Nf6 16. h4 Qf7 17. Be2 Bd7 18. Kd2 Rfe8 19. Rag1 Ng4 20. Bxg4 fxg4
21. g3 g6 22. Rh2 Rf8 23. Ke1 Qe7 24. Qd2 Qd8 25. Qa2 a5 26. Qb2 axb4 27. axb4
Ra4 28. Kf1 Qa8 29. Kg2 Qa6 30. Rf1 Qb5 31. Rb1 Rfa8 32. Qe2 Qxe2 33. Nxe2 Ra2
34. Nf4 Rc2 35. b5 Raa2 36. Kg1 Kf7 37. Kf1 cxb5 38. Nxd5 Rcb2 39. Rxb2 Rxb2
40. Kg2 b4 41. Rh1 b3 42. Nc3 Rc2 43. Nd5 b2 44. Rb1 Bb5 45. Nb4 Rd2 46. d5 Ke7
47. d6+ Kd7 48. Re1 Be2 49. Rb1 Bf3+ 50. Kh2 Rd1 0-1

[Event "International chess holiday K12"]
[Site "Praha"]
[Date "2014.07.24"]
[Round "7"]
[White "Plesnivy, Martin"]
[Black "Taylor, Robert Graham"]
[Result "0-1"]
[WhiteElo "1799"]
[BlackElo "1914"]
[PlyCount "86"]

1. d4 d5 2. c4 e6 3. Nc3 c6 4. Nf3 Nf6 5. e3 Nbd7 6. Bd3 Bd6 7. Qc2 O-O 8. Bd2
h6 9. O-O-O e5 10. dxe5 Nxe5 11. Nxe5 Bxe5 12. f4 Bc7 13. h3 Be6 14. f5 dxc4
15. Be2 Bd7 16. Bxc4 Qe7 17. g4 b5 18. Bd3 Nd5 19. Nxd5 cxd5 20. Kb1 Be5 21.
Rdg1 Rfc8 22. Qd1 Qf6 23. Bc1 Rc7 24. h4 Rac8 25. Bd2 Bxb2 26. Qb3 Bc3 27. Bc1
Qe5 28. f6 Ba1 29. g5 Rc3 30. Qb4 a5 31. gxh6 Rxc1+ 32. Rxc1 Rxc1+ 33. Kxc1
axb4 34. fxg7 Qb2+ 35. Kd1 Bg4+ 36. Ke1 Qc3+ 37. Kf2 Qxd3 38. Rxa1 Qe2+ 39. Kg3
Qf3+ 40. Kh2 Qh3+ 41. Kg1 Qxe3+ 42. Kh2 Qe5+ 43. Kg2 Qxa1 0-1

[Event "International chess holiday K12"]
[Site "Praha"]
[Date "2014.07.24"]
[Round "7"]
[White "Trebbin Dr., Wolfhard"]
[Black "Franek , Jan"]
[Result "1/2-1/2"]
[WhiteElo "1961"]
[BlackElo "1999"]
[Annotator "Koller,Martin"]
[PlyCount "28"]
[TimeControl "240+2"]

1. d4 Nf6 2. Nf3 g6 3. g3 Bg7 4. Bg2 O-O 5. O-O c5 6. c4 cxd4 7. Nxd4
Nc6 8. Nc3 Qb6 9. Nc2 a6 10. Rb1 d6 11. Be3 Qc7 12. b3 Ng4 13. Bd2 Nge5 14. Nd5
Qd8 1/2-1/2

[Event "International chess holiday K12"]
[Site "Praha"]
[Date "2014.07.24"]
[Round "7"]
[White "Vavrinec, Tomas"]
[Black "Hadzala, Daniel"]
[Result "0-1"]
[WhiteElo "2011"]
[BlackElo "2070"]
[PlyCount "90"]

1. e4 d6 2. d4 Nf6 3. Nc3 c6 4. a4 Nbd7 5. Nf3 e5 6. Be2 a5 7. O-O Be7 8. Re1
O-O 9. h3 Qc7 10. Be3 Re8 11. Bc4 h6 12. Qd2 Bf8 13. Ba2 exd4 14. Qxd4 Ne5 15.
Nh4 Be6 16. Nf5 Bxa2 17. Rxa2 Kh7 18. f4 g6 19. Ng3 Ned7 20. Raa1 Bg7 21. Qc4
Re6 22. Nb5 Qb8 23. Nd4 Re7 24. Bf2 Qe8 25. f5 Ne5 26. Qb3 Qd7 27. Rad1 Qc7 28.
fxg6+ fxg6 29. Ne6 Qd7 30. Nc5 Qc8 31. Rxd6 b5 32. axb5 cxb5 33. Qxb5 Ne8 34.
Rb6 Nf7 35. c3 Be5 36. Qb3 Ned6 37. Nd3 Bg7 38. e5 Nc4 39. Rb5 Nfxe5 40. Nxe5
Nxe5 41. Qd5 Qa6 42. Ne4 Rae8 43. Nd6 Rd8 44. Qc5 Qxd6 45. Qxd6 Rxd6 0-1

[Event "International chess holiday M11"]
[Site "Praha"]
[Date "2014.07.24"]
[Round "8"]
[White "Hirn, Oskar"]
[Black "Herejk, Petr"]
[Result "1-0"]
[WhiteElo "2219"]
[BlackElo "2208"]
[Annotator "Koller,Martin"]
[PlyCount "65"]
[TimeControl "240+2"]

1. d4 d5 2. c4 c6 3. Nf3 Nf6 4. Qc2 e6 5. Nc3 Nbd7 6. e3 Bd6 7. g4 dxc4
8. Bxc4 Nxg4 9. Rg1 Qf6 10. Ne4 Qxf3 11. Nxd6+ Ke7 12. Ne4 Ngf6 13. Ng5 Qh5 14.
b3 h6 15. Ba3+ Ke8 16. Be2 Qxh2 17. Nf3 Qh3 18. Rxg7 Qh1+ 19. Rg1 Qh5 20. Ne5
Qh2 21. O-O-O Nxe5 22. dxe5 Nd5 23. Rg4 Bd7 24. Qc5 Rc8 25. Rdg1 Kd8 26. Rg8+
Kc7 27. Qd6+ Kb6 28. Bc5+ Ka5 29. R8g4 b5 30. Qxd7 Rc7 31. Qxc7+ Nxc7 32. Ra4+
bxa4 33. b4# 1-0

[Event "International chess holiday M11"]
[Site "Praha"]
[Date "2014.07.24"]
[Round "8"]
[White "Krivanek, Vladimir"]
[Black "Knoflicek, Ctibor"]
[Result "1/2-1/2"]
[WhiteElo "2183"]
[BlackElo "2183"]
[Annotator "Koller,Martin"]
[PlyCount "43"]
[TimeControl "240+2"]

1. e4 e6 2. d4 d5 3. Nc3 Bb4 4. Bd3 dxe4 5. Bxe4 Nf6 6. Bg5 c5 7. a3
Bxc3+ 8. bxc3 Qa5 9. Bxf6 Qxc3+ 10. Kf1 gxf6 11. Ne2 Qa5 12. g4 Nc6 13. Qd3
cxd4 14. Qf3 Ke7 15. Bxc6 bxc6 16. Nxd4 Qa6+ 17. Kg1 Bd7 18. Qc3 Rhg8 19. h3
Rg5 20. Kh2 c5 21. f4 Rd5 22. Nf3 1/2-1/2

[Event "International chess holiday M11"]
[Site "Praha"]
[Date "2014.07.24"]
[Round "8"]
[White "Linder, Oliver"]
[Black "Kasparov, Sergey"]
[Result "0-1"]
[WhiteElo "1994"]
[BlackElo "2460"]
[Annotator "Koller,Martin"]
[PlyCount "88"]
[TimeControl "240+2"]

1. d4 Nf6 2. Nf3 c5 3. d5 g6 4. Nc3 d6 5. e4 Bg7 6. Bb5+ Bd7 7. a4 O-O
8. O-O Bxb5 9. axb5 Nbd7 10. h3 Ne8 11. Bd2 Nc7 12. Qe2 Nb6 13. Ra5 Qd7 14.
Rfa1 a6 15. bxa6 bxa6 16. Nd1 e6 17. c4 exd5 18. exd5 Qf5 19. Ne3 Qe4 20. R5a2
f5 21. Ba5 Rab8 22. Nd2 Qe7 23. Qd3 Ne8 24. Bc3 Nc7 25. Ba5 Rb7 26. Rb1 Ra8 27.
b4 Nd7 28. Nf3 cxb4 29. Rxb4 Nc5 30. Qb1 Rab8 31. Rxb7 Rxb7 32. Qd1 Qe4 33. Nd2
Qd4 34. Ra3 Ne8 35. Nc2 Qf6 36. Bc3 Qe7 37. Bxg7 Qxg7 38. Nf3 Nf6 39. Ncd4 Nfe4
40. Ne6 Qb2 41. Nxc5 Qxf2+ 42. Kh2 Qg3+ 43. Kg1 Rb2 44. Qf1 Rf2 0-1

[Event "International chess holiday M11"]
[Site "Praha"]
[Date "2014.07.24"]
[Round "8"]
[White "Malinarski, Yehuda"]
[Black "Heissenberger, Andreas"]
[Result "1-0"]
[WhiteElo "2067"]
[BlackElo "2029"]
[Annotator "Koller,Martin"]
[PlyCount "33"]
[TimeControl "240+2"]

1. e4 c5 2. Nf3 d6 3. d4 cxd4 4. Nxd4 Nf6 5. Nc3 a6 6. Be3 e5 7. Nb3
Be6 8. f3 Be7 9. Qd2 O-O 10. O-O-O a5 11. Kb1 Na6 12. g4 Nb4 13. g5 Ne8 14. a3
Na6 15. h4 h5 16. gxh6 g6 17. h5 necitelne 1-0

[Event "International chess holiday K11"]
[Site "Praha"]
[Date "2014.07.24"]
[Round "8"]
[White "Kasparova, Tatiana"]
[Black "Schaefer, Martin"]
[Result "1-0"]
[WhiteElo "2132"]
[BlackElo "1959"]
[Annotator "Koller,Martin"]
[PlyCount "47"]
[TimeControl "240+2"]

1. e4 c5 2. Nf3 Nc6 3. Bb5 g6 4. Bxc6 dxc6 5. d3 Bg7 6. h3 b6 7. Nc3 f6
8. Be3 Nh6 9. Qd2 Nf7 10. O-O-O e5 11. Nh2 Qc7 12. f4 Be6 13. Nf3 O-O-O 14. g4
Kb7 15. f5 Bc8 16. Qf2 g5 17. h4 h5 18. gxh5 g4 19. Nh2 Nh6 20. Rdg1 Qf7 21.
Nxg4 c4 22. dxc4 Qxh5 23. Nxe5 fxe5 24. Rxg7+ 1-0

[Event "International chess holiday K11"]
[Site "Praha"]
[Date "2014.07.24"]
[Round "8"]
[White "Korth Dr. , Manfred"]
[Black "Rüll, Michael"]
[Result "1/2-1/2"]
[WhiteElo "1908"]
[BlackElo "1812"]
[Annotator "Koller,Martin"]
[PlyCount "70"]
[TimeControl "240+2"]

1. Nf3 Nf6 2. d4 d5 3. Bf4 Bf5 4. e3 e6 5. c4 Bb4+ 6. Nc3 Ne4 7. Rc1 c6
8. Be2 Nxc3 9. bxc3 Ba3 10. Rb1 Bxb1 11. Qxb1 Qb6 12. O-O dxc4 13. Qe4 Qd8 14.
Bxc4 Nd7 15. Rb1 Nb6 16. Bb3 Nd5 17. Qd3 Nxf4 18. exf4 Qf6 19. Bc2 O-O-O 20.
Ne5 Kc7 21. c4 Bd6 22. Qb3 Rb8 23. Qa4 Bxe5 24. fxe5 Qf4 25. Qxa7 Rhd8 26. Qb6+
Kd7 27. d5 Qxc4 28. dxe6+ fxe6 29. Bb3 Qb5 30. Qe3 Ke8 31. f4 Qd3 32. Qc1 Qd4+
33. Kh1 Qd2 34. Qf1 Rd4 35. g3 Qd3 1/2-1/2

[Event "International chess holiday K11"]
[Site "Praha"]
[Date "2014.07.24"]
[Round "8"]
[White "Pokorny, Jan"]
[Black "Vystrcil, Martin"]
[Result "1-0"]
[WhiteElo "1882"]
[BlackElo "1788"]
[Annotator "Koller,Martin"]
[PlyCount "55"]
[TimeControl "240+2"]

1. Nf3 Nf6 2. d4 g6 3. c4 Bg7 4. Nc3 O-O 5. e4 d6 6. Bd3 Nfd7 7. O-O e5
8. Bg5 f6 9. Be3 b6 10. dxe5 Nxe5 11. Nxe5 fxe5 12. Qd2 Be6 13. Rad1 Nc6 14.
Bg5 Bf6 15. Bh6 Bg7 16. Nd5 Bxh6 17. Qxh6 Nd4 18. f4 exf4 19. Nxf4 Bf7 20. Nh3
Ne6 21. Rf3 Qe7 22. Rdf1 c5 23. Rf6 Be8 24. Rxf8+ Nxf8 25. Ng5 Ne6 26. Nxe6 Bc6
27. Ng5 a6 28. Rf7 1-0

[Event "International chess holiday K11"]
[Site "Praha"]
[Date "2014.07.24"]
[Round "8"]
[White "Fiala, Jan"]
[Black "Pommrich, Rainer"]
[Result "1/2-1/2"]
[WhiteElo "1952"]
[BlackElo "2003"]
[Annotator "Koller,Martin"]
[PlyCount "36"]
[TimeControl "240+2"]

1. e4 c5 2. Nf3 Nc6 3. d4 cxd4 4. Nxd4 Nf6 5. Nc3 e6 6. Ndb5 d6 7. Bf4
e5 8. Bg5 a6 9. Na3 b5 10. Nd5 Be7 11. Bxf6 gxf6 12. c3 f5 13. exf5 Bxf5 14.
Nc2 O-O 15. Nce3 Be6 16. Bd3 f5 17. Qh5 e4 18. Bc2 Bg5 1/2-1/2

[Event "International chess holiday K12"]
[Site "Praha"]
[Date "2014.07.24"]
[Round "8"]
[White "Franek, Jan"]
[Black "Vavrinec, Tomas"]
[Result "0-1"]
[WhiteElo "1999"]
[BlackElo "2011"]
[Annotator "Koller,Martin"]
[PlyCount "42"]
[TimeControl "240+2"]

1. e4 e6 2. d4 d5 3. Nd2 Be7 4. Bd3 c5 5. c3 Nc6 6.
Ne2 cxd4 7. cxd4 dxe4 8. Nxe4 Nf6 9. O-O O-O 10. b3 Nb4 11. Nxf6+ Bxf6 12. Be4
Nd5 13. Bb2 b6 14. Nf4 Bb7 15. Rc1 Qd6 16. Qh5 g6 17. Qf3 Qxf4 18. Bxd5 Qxf3
19. Bxf3 Bxf3 20. gxf3 Rac8 21. Kg2 Bg5 0-1

[Event "International chess holiday K12"]
[Site "Praha"]
[Date "2014.07.24"]
[Round "8"]
[White "Hadzala, Daniel"]
[Black "Plesnivy, Martin"]
[Result "1-0"]
[WhiteElo "2070"]
[BlackElo "1799"]
[Annotator "Koller,Martin"]
[PlyCount "107"]
[TimeControl "240+2"]

1. c4 e5 2. Nc3 Nf6 3. g3 d5 4. cxd5 Nxd5 5. Bg2 c6 6. Nf3 Nd7 7. O-O
Bd6 8. d3 O-O 9. a3 N7f6 10. Qc2 Be6 11. Bd2 Rc8 12. b4 Qd7 13. Rfd1 Bh3 14.
Bh1 Rfe8 15. e4 Nf4 16. Bxf4 exf4 17. d4 fxg3 18. hxg3 Nh5 19. e5 Be7 20. Ne4
Qf5 21. Bg2 Bg4 22. Rd2 Kh8 23. Nh2 Rcd8 24. f3 Bxf3 25. Bxf3 Qg6 26. Bxh5 Qxh5
27. Rf1 Rd5 28. Kg2 Red8 29. Nf3 Qg6 30. Nc3 Qxc2 31. Rxc2 R5d7 32. Ne4 a5 33.
Nc5 Bxc5 34. bxc5 h6 35. Rb2 g5 36. g4 Kg7 37. Rfb1 Rb8 38. Rb6 h5 39. Kh3
hxg4+ 40. Kxg4 Kg6 41. Rxc6+ bxc6 42. Rxb8 Ra7 43. Rb6 Rc7 44. Nxg5 Kg7 45. Kf5
Rd7 46. Rxc6 Rxd4 47. Rc7 Ra4 48. Rxf7+ Kg8 49. e6 Rxa3 50. c6 Rc3 51. c7 Rc5+
52. Ke4 Rc1 53. e7 Re1+ 54. Kd3 1-0

[Event "International chess holiday K12"]
[Site "Praha"]
[Date "2014.07.24"]
[Round "8"]
[White "Müller, Jörg"]
[Black "Cisarik, Pavol"]
[Result "0-1"]
[WhiteElo "1900"]
[BlackElo "1792"]
[Annotator "Koller,Martin"]
[PlyCount "82"]
[TimeControl "240+2"]

1. d4 Nf6 2. Bf4 d5 3. Nc3 c6 4. g3 e6 5. a3 Bd6 6. Bxd6 Qxd6 7. e3
Nbd7 8. Nge2 e5 9. f3 O-O 10. Bg2 Re8 11. O-O b6 12. Re1 e4 13. Qd2 exf3 14.
Bxf3 Nf8 15. Kg2 Bf5 16. Ng1 Be4 17. Nd1 N8d7 18. Rc1 Bxf3+ 19. Nxf3 Ne4 20.
Qe2 Re6 21. Nf2 Ndf6 22. Ne5 Rf8 23. c4 Nxf2 24. Kxf2 Ne4+ 25. Kg2 Rf6 26. Rf1
Rxf1 27. Rxf1 f6 28. Nf3 Re8 29. Rc1 c5 30. Rd1 dxc4 31. Qxc4+ Qe6 32. d5 Nd6
33. Qe2 Qxe3 34. Qxe3 Rxe3 35. Kf2 Rb3 36. Rd2 Ne4+ 37. Ke2 Nxd2 38. Nxd2 Rxb2
39. Kd3 Kf8 40. h4 Ke7 41. Nc4 Rb3+ 0-1

[Event "International chess holiday K12"]
[Site "Praha"]
[Date "2014.07.24"]
[Round "8"]
[White "Plesnik, Miroslav"]
[Black "Trebbin Dr., Wolfhard"]
[Result "1/2-1/2"]
[WhiteElo "1863"]
[BlackElo "1961"]
[Annotator "Koller,Martin"]
[PlyCount "26"]
[TimeControl "240+2"]

1. d4 d5 2. Nf3 Nf6 3. c4 c6 4. Nc3 e6 5. e3 Nbd7 6. Bd3 Be7 7. O-O O-O
8. Re1 c5 9. cxd5 exd5 10. dxc5 Nxc5 11. a3 Bg4 12. Be2 Nce4 13. Nxe4 dxe4
1/2-1/2

[Event "International chess holiday K12"]
[Site "Praha"]
[Date "2014.07.24"]
[Round "8"]
[White "Taylor, Robert"]
[Black "Spindler, Markus"]
[Result "0-1"]
[WhiteElo "1914"]
[BlackElo "2049"]
[Annotator "Koller,Martin"]
[PlyCount "92"]
[TimeControl "240+2"]

1. e4 c5 2. c3 Nf6 3. e5 Nd5 4. d4 cxd4 5. Nf3 e6 6. cxd4 Bb4+ 7. Bd2
Qa5 8. Bxb4 Qxb4+ 9. Qd2 Qxd2+ 10. Nbxd2 f6 11. Nc4 Nc6 12. Nd6+ Ke7 13. Bc4
Nf4 14. O-O Na5 15. Rac1 b6 16. b4 Nb7 17. Nb5 d5 18. exd6+ Nxd6 19. Nxd6 Kxd6
20. Rfe1 Bb7 21. Bf1 Nh3+ 22. gxh3 Bxf3 23. Ba6 Rab8 24. Re3 Bd5 25. a4 Bb7 26.
Bc4 Bc8 27. Rce1 Re8 28. f4 Bd7 29. h4 Bxa4 30. Rxe6+ Rxe6 31. Rxe6+ Kd7 32.
Re3 Re8 33. Ra3 b5 34. Bxb5+ Bxb5 35. Rxa7+ Kd6 36. Rxg7 Re7 37. Rg8 Kd5 38.
Rf8 Kxd4 39. Rxf6 Ke3 40. h3 Kf3 41. Rf5 Re1+ 42. Kh2 Re2+ 43. Kg1 Bd3 44. Rg5
Rb2 45. Rd5 Rb1+ 46. Kh2 Be4 0-1

[Event "International chess holiday M11"]
[Site "Praha"]
[Date "2014.07.27"]
[Round "9"]
[White "Hentzgen, Thomas"]
[Black "Malinarski, Yehuda"]
[Result "1/2-1/2"]
[WhiteElo "2067"]
[BlackElo "2050"]
[Annotator "Koller,Martin"]
[PlyCount "51"]
[TimeControl "240+2"]

1. c4 Nf6 2. Nc3 g6 3. g3 Bg7 4. Bg2 c5 5. Nf3 O-O 6. O-O Nc6 7. d3 d6
8. Rb1 a6 9. a3 Rb8 10. b4 cxb4 11. axb4 b5 12. cxb5 axb5 13. Bd2 d5 14. Bf4
Rb7 15. Qd2 Re8 16. Bh6 e5 17. Bxg7 Kxg7 18. Ne1 Bf5 19. Nc2 Nd4 20. Nxd4 exd4
21. Na2 Ra7 22. Nc1 Qc7 23. Rb2 Rc8 24. Nb3 Qe5 25. Qf4 Qxf4 26. gxf4 1/2-1/2

[Event "International chess holiday M11"]
[Site "Praha"]
[Date "2014.07.27"]
[Round "9"]
[White "Herejk, Petr"]
[Black "Sisak, Richard"]
[Result "1/2-1/2"]
[WhiteElo "2208"]
[BlackElo "2017"]
[Annotator "Koller,Martin"]
[PlyCount "40"]
[TimeControl "240+2"]

1. e4 d6 2. d4 Nf6 3. Nc3 e5 4. Nf3 Nbd7 5. Bc4 Be7 6. O-O O-O 7. h3 h6
8. a4 c6 9. Re1 Re8 10. b3 Qc7 11. Bb2 Nf8 12. Bf1 Ng6 13. g3 b6 14. Kh2 Bb7
15. Qd2 a6 16. Bg2 Bf8 17. Ba3 b5 18. dxe5 dxe5 19. Bxf8 Rxf8 20. Qe3 Rfd8
1/2-1/2

[Event "International chess holiday M11"]
[Site "Praha"]
[Date "2014.07.27"]
[Round "9"]
[White "Kasparov, Sergey"]
[Black "Krivanek, Vladimir"]
[Result "1-0"]
[WhiteElo "2460"]
[BlackElo "2183"]
[Annotator "Koller,Martin"]
[PlyCount "120"]
[TimeControl "240+2"]

1. e4 e6 2. d4 d5 3. Nd2 Nf6 4. e5 Nfd7 5. Bd3 c5 6. c3 Nc6 7. Ne2 Qb6
8. Nf3 cxd4 9. cxd4 Be7 10. O-O a5 11. a3 Qa7 12. Be3 O-O 13. Qc2 f5 14. h4 Nb6
15. Bg5 Bd7 16. Bxe7 Nxe7 17. Rfc1 Rac8 18. Qd1 a4 19. Rxc8 Rxc8 20. Rc1 Nc4
21. Bxc4 dxc4 22. Ng5 h6 23. Nh3 Qb6 24. Qd2 Bb5 25. Nhf4 Rd8 26. Rd1 Kf7 27.
h5 Bc6 28. Nc3 Nd5 29. Ncxd5 Bxd5 30. Qc3 Ra8 31. Nxd5 exd5 32. Re1 Re8 33. Re3
Kg8 34. Rf3 Rf8 35. Rg3 f4 36. Rg6 Qb3 37. Qe1 c3 38. bxc3 Qxa3 39. Qb1 Qe7 40.
Qa2 Qd7 41. f3 Qb5 42. Rd6 Qc4 43. Qxc4 dxc4 44. Rb6 a3 45. Rxb7 Ra8 46. Rb1 a2
47. Ra1 Ra3 48. Kh2 Kf7 49. Kh3 Rxc3 50. Rxa2 Rd3 51. Kg4 Rxd4 52. Kf5 c3 53.
Ra7+ Kf8 54. Rc7 Rd2 55. Ke6 Kg8 56. Rc8+ Kh7 57. Rxc3 Rxg2 58. Rc4 g6 59. Kf6
gxh5 60. Rc7+ Kg8 1-0

[Event "International chess holiday M11"]
[Site "Praha"]
[Date "2014.07.27"]
[Round "9"]
[White "Knoflicek, Ctibor"]
[Black "Hirn, Oskar"]
[Result "1/2-1/2"]
[WhiteElo "2183"]
[BlackElo "2219"]
[Annotator "Koller,Martin"]
[PlyCount "21"]
[TimeControl "240+2"]

1. Nf3 Nf6 2. c4 g6 3. Nc3 Bg7 4. e4 d6 5. d4 O-O 6. Be2 Nbd7 7. Be3 e5
8. d5 Nc5 9. Nd2 a5 10. a3 Ne8 11. b4 1/2-1/2